000 00573nam a2200193Ia 4500
005 20260120131840.0
008 008 260114s9999 xx 000 0 eng d
020 _a9781383006919
037 _aEBOOK
040 _aCRL
_beng
_cCRL
041 _aeng
_2eng
084 _qCRL
100 _aEskin
_9931933
245 0 _aEthics and Dialogue: In the Works of Levinas, Bakhtin, Mandelshtam, and Celan
260 _bOxford University PressOxford University Press
_c2023
856 _uhttps://academic.oup.com/book/48445
942 _cEBOOK
999 _c1523855
_d1523855